000 00599nam a2200193Ia 4500
003 GCL
008 140319s9999 xx 000 0 ara d
040 _aGCL /
_cGCL
082 0 4 _a182
_bع ح
100 1 _aعبدالغفار مكاوى
245 1 0 _aالحكماء السبعة /
_cعبدالغفار مكاوى
260 _a[S.N] :
_bالهيئة المصرية العامة للكتاب ،
_c1990
300 _a131 ص
490 _a
650 0 4 _aالفلسفة
650 0 4 _aالفلسفة الغربية
650 0 4 _aالفلسفة اليونانية القديمة
942 _2ddc
_cBK
999 _c28623
_d28623